Giáo trình thống kê sinh học Dùng cho sinh viên ngành: Sinh học. Y học. Sư phạm. Nông nghiệp. Lâm nghiệp. Môi trường. Thủy sản...các trường đại học và cao đẳng

Khái niệm về thống kê sinh học. Đại lượng trung bình và các chỉ số biến thiên. ựớc lượng các tham số của tổng thể. Kiểm định giả thiết thống kê về các tham số của đặc trưng sinh học. Kiểm định giả thiết thống kê các quy luật phân phối của một đặc trưng sinh học. Phân tích tương quan và hồi quy...

Descrición completa

Gardado en:
Detalles Bibliográficos
Autor Principal: Chu Văn Mẫn (Tác giả)
Outros autores: Đào Hữu Hồ (Tác giả)
Formato: Libro
Idioma:Vietnamese
Publicado: H. Khoa học và kỹ thuật 2001
Những chủ đề:
Các nhãn: Engadir etiqueta
Sen Etiquetas, Sexa o primeiro en etiquetar este rexistro!
Thư viện lưu trữ: Mạng thư viện Đại học Đà Nẵng
LEADER 01694nam a2200361 4500
001 000009184
003 5379
005 20111025101038.0
008 111025s2001 viesd
020 |c 13000đ 
041 0 |a vie 
082 |a 570  |b CH-M 
100 0 |a Chu Văn Mẫn  |e Tác giả 
245 0 |a Giáo trình thống kê sinh học  |b Dùng cho sinh viên ngành: Sinh học. Y học. Sư phạm. Nông nghiệp. Lâm nghiệp. Môi trường. Thủy sản...các trường đại học và cao đẳng  |c Chu Văn Mẫn; Đào Hữu Hồ 
260 |a H.  |b Khoa học và kỹ thuật  |c 2001 
300 |a 162 tr. bảng, hình vẽ  |c 21 cm 
500 |a Thư mục: tr. 162 
520 |a Khái niệm về thống kê sinh học. Đại lượng trung bình và các chỉ số biến thiên. ựớc lượng các tham số của tổng thể. Kiểm định giả thiết thống kê về các tham số của đặc trưng sinh học. Kiểm định giả thiết thống kê các quy luật phân phối của một đặc trưng sinh học. Phân tích tương quan và hồi quy 
653 |a Thống kê 
653 |a Sinh học 
653 |a Giáo trình 
700 |a Đào Hữu Hồ  |e Tác giả 
910 |a duyên 
OWN |a LSP 
AVA |a UDN50  |b LSP  |d 570 CH-M  |e available  |t Error 5001 Not defined in file expand_doc_bib_avail.  |f 1  |g 0  |h N  |i 0  |k 1 
999 |a From the UDN01 
AVA |a UDN50  |b LSP  |d 570 CH-M  |e available  |t Error 5001 Not defined in file expand_doc_bib_avail.  |f 1  |g 0  |h N  |i 0  |k 1 
TYP |a Monograph 
TYP |a Printed language 
980 |a Mạng thư viện Đại học Đà Nẵng